| 000 | 00940cam a2200277 i 4500 | ||
|---|---|---|---|
| 942 | _cBK | ||
| 999 |
_c545 _d545 |
||
| 001 | 17569556 | ||
| 003 | OSt | ||
| 005 | 20250420134815.0 | ||
| 008 | 121220s2012 enka 001 0 eng | ||
| 010 | _a 2012406769 | ||
| 020 | _a9780199655823 (pbk.) | ||
| 040 |
_aDLC _beng _cKCST |
||
| 050 | 0 | 0 |
_aHD69.P75 _bO95 2012 |
| 082 |
_a658.404 _bOx |
||
| 245 | 0 | 4 |
_aThe oxford handbook of project management / _cEdited by Peter Morris, Jeffrey Pinto and Jonas Söderlund. |
| 246 | 3 | 0 | _aProject management |
| 260 |
_aOxford : _bOxford University Press, _c2012. |
||
| 300 |
_axx, 550 pages : _billustrations; _c25 cm |
||
| 504 | _aIncludes bibliographical references and indexes. | ||
| 650 | 0 |
_aProject management. _933 |
|
| 700 | 1 |
_aMorris, Peter W. G., _eeditor of compilation. _94878 |
|
| 700 | 1 |
_aPinto, Jeffrey K., _eeditor of compilation. _94879 |
|
| 700 | 1 |
_aSöderlund, Jonas, _eeditor of compilation. _94880 |
|
| 942 | _2ddc | ||